000 00551nam a2200181Ia 4500
003 IN-BaIIA
008 211028s9999 xx 000 0 eng d
040 _cIIA Library
080 _a523
_bDAU
100 _aDauvillier, A.
_93893
245 0 _aLa poussiere cosmique
_cA. Dauvillier
260 _aParis
_bMasson ETC Editeurs
_c1961
300 _a212p.
490 _aCollection evolution des sciences; v. 19
650 _aAstronomy and Astrophysics Thesaurus
650 _aCosmic dust
_93926
942 _cBK
999 _c2104
_d2104